World Heritage Site by Country Quiz Stats

 Plays Quiz Updated Aug 5, 2014

Support Sporcle.
Go Orange.
Score 0/25 Timer 05:00
4 Plays Today
% Correct
China
97.3%
France
92.5%
Israel/Palestine
86.8%
Egypt
84.7%
Peru
83.7%
Brazil
79.7%
Hungary
78.1%
Germany
77.6%
Tanzania
76.5%
Malta
74.4%
Syria
73.2%
Argentina
69.5%
United States of America
63.2%
% Correct
Croatia
62.2%
Mali
50.4%
Pakistan
49.4%
Iraq
40.6%
Zambia and Zimbabwe
37.3%
Madagascar
37.1%
Libya
27.9%
Cyprus
27.3%
Colombia
26.9%
Philippines
21.8%
Iceland
20.4%
Seychelles
13.3%

You're not logged in!

Compare scores with friends on all Sporcle quizzes.
OR
Log In

From the Vault

Which Year? (1960s)

by william2

A decade with stirring speeches and the Summer of Love.
Remove Ads.
Support Sporcle.
Get the best of Sporcle when you Go Orange. This ad-free experience offers more features, more stats, and more fun while also helping to support Sporcle. Thank you for becoming a member.

Show Comments

Extras

Top Quizzes Today


Score Distribution

Your Account Isn't Verified!

In order to create a playlist on Sporcle, you need to verify the email address you used during registration. Go to your Sporcle Settings to finish the process.

Report this User

Report this user for behavior that violates our Community Guidelines.

Details: